|
|
|
|
| LEADER |
00000naa2a2200000 4500 |
| 001 |
419139 |
| 005 |
20231101073157.0 |
| 035 |
|
|
|a (RuTPU)RU\TPU\prd\76389
|
| 035 |
|
|
|a RU\TPU\prd\69278
|
| 090 |
|
|
|a 419139
|
| 100 |
|
|
|a 20100208a1993 k y0rusy50 ca
|
| 101 |
0 |
|
|a rus
|
| 102 |
|
|
|a RU
|
| 200 |
1 |
|
|a Минералогическая и изотопно-геохимическая зональность кварцево-жильного поля в черносланцевой толще Кузнецкого Алатау
|f А. Ф. Коробейников, А. Я. Пшеничкин, Ю. А. Фомин
|
| 461 |
|
0 |
|0 (RuTPU)RU\TPU\prd\4587
|x 0869-6055
|t Записки Всероссийского минералогического общества
|o Вторая серия
|f Российская академия наук ; Минералогическое общество при РАН
|d 1933-1947, 1992-1995
|
| 463 |
|
1 |
|0 (RuTPU)RU\TPU\prd\76388
|t ч. 122, вып. 1
|v с. 68-80
|d 1993
|
| 610 |
1 |
|
|a труды учёных ТПУ
|
| 700 |
|
1 |
|a Коробейников
|b А. Ф.
|c российский геолог, доктор геолого-минералогических наук
|c профессор Томского политехнического университета
|f 1934-
|g Александр Феопенович
|2 stltpush
|3 (RuTPU)RU\TPU\pers\12688
|4 070
|
| 701 |
|
1 |
|a Фомин
|b Ю. А.
|4 070
|
| 701 |
|
1 |
|a Пшеничкин
|b А. Я.
|c заведующий лабораторией
|c лаборатория геологии золота Томского политехнического университета
|g Анатолий Яковлевич
|2 stltpush
|3 (RuTPU)RU\TPU\pers\24725
|4 070
|
| 801 |
|
1 |
|a RU
|b 63413507
|c 20090817
|
| 801 |
|
2 |
|a RU
|b 63413507
|c 20220518
|g RCR
|
| 942 |
|
|
|c BK
|